[Event "Montreal-Tch"]
[Site "Montreal CAN"]
[Date "1967.03.05"]
[Round "3"]
[White "Brodie, Hugh"]
[Black "McMaster, D."]
[Result "0-1"]
[WhiteElo "1700"]
[BlackElo "1800"]
[PlyCount "89"]
[EventDate "1967.01.15"]
[EventType "team"]
[EventRounds "5"]
[EventCountry "CAN"]

1. d4 Nf6 2. Nf3 g6 3. c4 d6 4. Nc3 b6 5. e3 Bg7 6. Be2 Bb7 7. d5 c5 8. O-O O-O
9. e4 Nbd7 10. Re1 Re8 11. Bd3 e5 12. Nb5 Qb8 13. Be3 a6 14. Nc3 Qd8 15. Qc1
Nf8 16. Bh6 Nh5 17. Bxg7 Kxg7 18. h3 Nf4 19. Be2 Nd7 20. Kh2 Nxe2 21. Nxe2 Nf6
22. Ng3 Bc8 23. Nh1 Nh5 24. g4 Nf4 25. Ng3 Nd3 26. Qd2 Nxe1 27. Rxe1 Bd7 28. b3
b5 29. h4 Bxg4 30. Re3 Bxf3 31. Rxf3 Qxh4+ 32. Kg2 Rf8 33. Re3 Qg5 34. Kh2 h5
35. Nxh5+ Qxh5+ 36. Rh3 Qg4 37. Qh6+ Kf6 38. Rg3 Rh8 39. Rxg4 Rxh6+ 40. Kg3 Kg7
41. f4 exf4+ 42. Rxf4 Re8 43. a4 bxa4 44. bxa4 Ra8 45. Rf3 0-1

[Event "Montreal-Tch"]
[Site "Montreal CAN"]
[Date "1967.03.12"]
[Round "4"]
[White "Michaud, Gerald"]
[Black "Brodie, Hugh"]
[Result "0-1"]
[WhiteElo "1650"]
[BlackElo "1700"]
[PlyCount "48"]
[EventDate "1967.01.15"]
[EventType "team"]
[EventRounds "5"]
[EventCountry "CAN"]

1. d4 d5 2. c4 e6 3. Nc3 Nf6 4. Bg5 Be7 5. e3 c5 6. Bd3 Nc6 7. Nge2 dxc4 8.
Bxc4 cxd4 9. exd4 b6 10. O-O Bb7 11. Qa4 O-O 12. Rad1 Na5 13. f4 h6 14. Bh4 Rc8
15. Bb3 Bc6 16. Nb5 Qd7 17. Nec3 a6 18. d5 Bxb5 19. Nxb5 axb5 20. Qd4 Bc5 21.
dxe6 Bxd4+ 22. Rxd4 Qxd4+ 23. Bf2 Qxf4 24. e7 Rfe8 0-1

[Event "Montreal-Tch"]
[Site "Montreal CAN"]
[Date "1967.04.02"]
[Round "5"]
[White "Porter, R."]
[Black "Brodie, Hugh"]
[Result "0-1"]
[WhiteElo "1600"]
[BlackElo "1700"]
[PlyCount "104"]
[EventDate "1967.01.15"]
[EventType "team"]
[EventRounds "5"]
[EventCountry "CAN"]

1. e4 c5 2. Nf3 e6 3. c3 d5 4. Bb5+ Nc6 5. e5 Bd7 6. Na3 Nge7 7. d4 c4 8. O-O
Ng6 9. Nc2 Be7 10. Ne3 f6 11. b3 cxb3 12. axb3 fxe5 13. Bxc6 Bxc6 14. dxe5 O-O
15. Ng4 Nh4 16. Nd4 Qd7 17. Ba3 Bxa3 18. Rxa3 a6 19. Nh6+ gxh6 20. Qg4+ Ng6 21.
Nxe6 Rfe8 22. f4 Qxe6 23. f5 Qxe5 24. fxg6 Qe3+ 25. Kh1 Qg5 26. gxh7+ Kxh7 27.
Rf7+ Kg8 28. Qxg5+ hxg5 29. Rf1 Re3 30. b4 Rae8 31. h3 d4 32. Rf5 dxc3 33.
Rxg5+ Kf7 34. Kh2 c2 35. Rxe3 Rxe3 36. Rc5 Be4 37. Kg1 Re1+ 38. Kf2 c1=Q 39.
Rxc1 Rxc1 40. g3 Rc3 41. h4 b6 42. Ke2 Rxg3 43. Kf2 Rh3 44. Ke2 a5 45. bxa5
bxa5 46. Kd2 a4 47. Kc1 Rxh4 48. Kb2 Rh3 49. Ka2 a3 50. Ka1 Rc3 51. Ka2 Bd5+
52. Kb1 a2+ 0-1

[Event "Montreal Interscholastic"]
[Site "Montreal CAN"]
[Date "1966.??.??"]
[Round "6"]
[White "Brodie, Hugh"]
[Black "Piasetski, Leon"]
[Result "1-0"]
[WhiteElo "1700"]
[BlackElo "1700"]
[PlyCount "54"]
[EventDate "1966.12.26"]
[EventType "swiss"]
[EventRounds "8"]
[EventCountry "CAN"]

1. d4 e6 2. c4 c5 3. Nf3 cxd4 4. Nxd4 Bc5 5. e3 Nf6 6. Nc3 O-O 7. Nf3 d5 8.
cxd5 exd5 9. Bd3 Nc6 10. O-O Re8 11. Re1 b6 12. b3 Qc7 13. Bb2 Nb4 14. Na4 Ba6
15. Bxa6 Nxa6 16. Bxf6 gxf6 17. Nh4 Bb4 18. Rf1 Bd6 19. g3 Re5 20. Rc1 Nc5 21.
Nc3 Qc6 22. Qf3 Be7 23. Rfd1 Rd8 24. Ne2 Qe6 25. Nf4 Qd7 26. Rc2 Ne4 27. Rdc1
f5 1-0

[Event "Montreal Interscholastic"]
[Site "Montreal CAN"]
[Date "1966.??.??"]
[Round "7"]
[White "Brodie, Hugh"]
[Black "Lantos, Gabor"]
[Result "0-1"]
[WhiteElo "1700"]
[BlackElo "1700"]
[PlyCount "64"]
[EventDate "1966.12.26"]
[EventType "swiss"]
[EventRounds "8"]
[EventCountry "CAN"]

1. d4 Nf6 2. Nf3 e6 3. c4 b6 4. Bf4 Bb7 5. g3 Bb4+ 6. Nbd2 Nc6 7. e3 Ne4 8. Bg2
g5 9. O-O Nxd2 10. Nxd2 gxf4 11. Nf3 Ne7 12. exf4 Nf5 13. a3 Be7 14. g4 Ng7 15.
h4 d5 16. h5 O-O 17. h6 Ne8 18. c5 bxc5 19. dxc5 Bxc5 20. Ng5 Be7 21. Qd2 Nd6
22. Qc3 Bf6 23. Qd2 Bxg5 24. fxg5 Ne4 25. Bxe4 dxe4 26. Qf4 f6 27. gxf6 Rxf6
28. Qe5 Rxh6 29. Rfd1 Qh4 30. Kf1 Rf8 31. Rd2 Qh1+ 32. Ke2 Qf3+ 0-1

[Event "Montreal Interscholastic"]
[Site "Montreal CAN"]
[Date "1966.??.??"]
[Round "8"]
[White "Mihaly, Sol"]
[Black "Brodie, Hugh"]
[Result "1-0"]
[WhiteElo "1800"]
[BlackElo "1800"]
[PlyCount "101"]
[EventDate "1966.12.26"]
[EventType "swiss"]
[EventRounds "8"]
[EventCountry "CAN"]

1. e4 c6 2. Bc4 e5 3. Nf3 d6 4. d3 Nf6 5. Nc3 g6 6. Bg5 Bg7 7. O-O O-O 8. Qd2
Bg4 9. h3 Bxf3 10. gxf3 Nbd7 11. f4 exf4 12. Qxf4 Ne5 13. Bxf6 Bxf6 14. Bb3 Re8
15. Rfe1 Bg5 16. Qg3 Qf6 17. Kg2 Bf4 18. Rf1 Bxg3 19. fxg3 Qd8 20. d4 Re7 21.
dxe5 dxe5 22. Rf2 Qc7 23. Raf1 Rf8 24. a3 Kg7 25. Rf6 c5 26. Nd5 Qd7 27. Nxe7
Qe8 28. Rxf7+ Rxf7 29. Rxf7+ Kh6 30. h4 b5 31. Be6 Qa8 32. Kf3 Qd8 33. g4 Qd1+
34. Kg3 Qe1+ 35. Rf2 Qxe4 36. Ng8+ Kg7 37. Rf7+ Kh8 38. Rxh7+ Kxh7 39. Nf6+ Kg7
40. Nxe4 c4 41. g5 a5 42. c3 Kf8 43. Kg4 Ke7 44. Bd5 Kf8 45. h5 gxh5+ 46. Kxh5
Kg7 47. Bc6 b4 48. cxb4 axb4 49. axb4 c3 50. bxc3 Kh7 51. g6+ 1-0

[Event "Grand Pacific op"]
[Site "Victoria CAN"]
[Date "2016.03.25"]
[Round "1.13"]
[White "Doknjas, John"]
[Black "Brodie, Hugh"]
[Result "1/2-1/2"]
[WhiteElo "2225"]
[BlackElo "1847"]
[PlyCount "59"]
[EventDate "2016.03.25"]
[EventType "swiss"]
[EventRounds "6"]
[EventCountry "CAN"]

1. d4 e6 2. c4 f5 3. g3 Nf6 4. Bg2 d5 5. Nh3 c6 6. Qc2 Bd6 7. O-O O-O 8. Bf4
Bxf4 9. Nxf4 Qe8 10. Nd2 Ne4 11. Nd3 Nxd2 12. Qxd2 Nd7 13. Rfc1 Nf6 14. b4 Ne4
15. Qe3 Qh5 16. Bf3 Qg5 17. Bxe4 Qxe3 18. fxe3 dxe4 19. Ne5 Rd8 20. a4 Bd7 21.
b5 Be8 22. bxc6 bxc6 23. c5 Rab8 24. Rab1 Kf8 25. Nc4 Ke7 26. Nd6 Kd7 27. Nb7
Rdc8 28. a5 Kc7 29. a6 Bd7 30. h3 1/2-1/2

[Event "Grand Pacific op"]
[Site "Victoria CAN"]
[Date "2016.03.26"]
[Round "2.14"]
[White "Brodie, Hugh"]
[Black "McLaren, Brian"]
[Result "1/2-1/2"]
[WhiteElo "1847"]
[BlackElo "2097"]
[PlyCount "138"]
[EventDate "2016.03.25"]
[EventType "swiss"]
[EventRounds "6"]
[EventCountry "CAN"]

1. Nf3 c5 2. e4 d6 3. Bb5+ Nd7 4. O-O a6 5. Bxd7+ Bxd7 6. c3 g6 7. d4 Bg7 8. h3
Qc7 9. Re1 f6 10. Nbd2 cxd4 11. cxd4 e6 12. Nf1 Nh6 13. Be3 b5 14. Qd2 Nf7 15.
Rac1 Qd8 16. Rc2 O-O 17. Rec1 Rc8 18. Ng3 Re8 19. d5 Rxc2 20. Rxc2 exd5 21.
exd5 f5 22. Nd4 Ne5 23. b3 Qa8 24. Nde2 Qb7 25. Bg5 Nf7 26. Bf4 h6 27. h4 Kh7
28. Qd3 Kg8 29. Qd2 Rc8 30. Rxc8+ Qxc8 31. Qe3 Qd8 32. Qa7 Qe7 33. Be3 Qe8 34.
Bd4 b4 35. Bxg7 Kxg7 36. Qd4+ Qe5 37. Qxb4 Qxd5 38. Qd4+ Qxd4 39. Nxd4 Kf6 40.
f4 g5 41. hxg5+ hxg5 42. fxg5+ Nxg5 43. Kf2 Ke5 44. Nf3+ Nxf3 45. Kxf3 Bc6+ 46.
Kf2 d5 47. Nf1 d4 48. g3 Be4 49. Nd2 Bc2 50. Kf3 Bd1+ 51. Kf2 Bg4 52. a3 Kd5
53. b4 Bd1 54. Ke1 Ba4 55. Ke2 Bb5+ 56. Kf3 Ke5 57. Kf2 Be8 58. Kf3 Bh5+ 59.
Kf2 Kd5 60. Ke1 d3 61. Nb1 Kd4 62. Kd2 Be8 63. Nc3 Kc4 64. Nd1 Bd7 65. Nb2+ Kb3
66. Nxd3 Kxa3 67. Kc3 Bb5 68. Ne5 Ka4 69. Nf7 a5 1/2-1/2

[Event "Grand Pacific op"]
[Site "Victoria CAN"]
[Date "2016.03.26"]
[Round "3.11"]
[White "Brodie, Hugh"]
[Black "Kenney, Jason"]
[Result "0-1"]
[WhiteElo "1847"]
[BlackElo "2226"]
[PlyCount "52"]
[EventDate "2016.03.25"]
[EventType "swiss"]
[EventRounds "6"]
[EventCountry "CAN"]

1. Nf3 Nf6 2. c4 g6 3. b3 Bg7 4. Bb2 O-O 5. g3 d6 6. Bg2 Nc6 7. O-O a6 8. d3
Rb8 9. Nc3 e5 10. Nd2 Bg4 11. h3 Be6 12. Rc1 Nh5 13. Nd5 Ne7 14. Nxe7+ Qxe7 15.
Kh2 c6 16. Rc2 f5 17. Qa1 Bd7 18. Bf3 Rf7 19. e3 Rbf8 20. Rcc1 f4 21. exf4 Nxf4
22. gxf4 Qh4 23. Bc3 Bxh3 24. Bg2 Bxg2+ 25. Kxg2 Qg4+ 26. Kh2 Rf5 0-1

[Event "Grand Pacific op"]
[Site "Victoria CAN"]
[Date "2016.03.27"]
[Round "4.19"]
[White "James, Rowan"]
[Black "Brodie, Hugh"]
[Result "0-1"]
[WhiteElo "1781"]
[BlackElo "1847"]
[PlyCount "50"]
[EventDate "2016.03.25"]
[EventType "swiss"]
[EventRounds "6"]
[EventCountry "CAN"]

1. e4 c5 2. c3 d5 3. exd5 Qxd5 4. d4 Nf6 5. Nf3 e6 6. Be3 cxd4 7. cxd4 Bb4+ 8.
Nbd2 O-O 9. Bd3 Nbd7 10. Qe2 a6 11. O-O b5 12. a4 Rb8 13. axb5 axb5 14. Bf4 Rb6
15. Ne4 Bb7 16. Nxf6+ Nxf6 17. Bc7 Rc6 18. Be5 Rb6 19. Bxf6 gxf6 20. Qe3 Kg7
21. Qf4 Rg8 22. Qg3+ Kh8 23. Qh4 Rxg2+ 24. Kh1 Rg7 25. Be2 Qxf3+ 0-1

[Event "Grand Pacific op"]
[Site "Victoria CAN"]
[Date "2016.03.27"]
[Round "5.12"]
[White "Brodie, Hugh"]
[Black "Zulfikar, Sali"]
[Result "0-1"]
[WhiteElo "2083"]
[BlackElo "1847"]
[PlyCount "94"]
[EventDate "2016.03.25"]
[EventType "swiss"]
[EventRounds "6"]
[EventCountry "CAN"]

1. Nf3 Nf6 2. c4 g6 3. b3 Bg7 4. Bb2 O-O 5. g3 c5 6. Bg2 Nc6 7. O-O d6 8. d3
Rb8 9. Qd2 Bf5 10. Nh4 Bg4 11. h3 Bd7 12. Nc3 Qc8 13. Kh2 a6 14. f4 e6 15. Ne4
Nxe4 16. dxe4 Bxb2 17. Qxb2 Qc7 18. Rad1 Rbd8 19. Qf6 Bc8 20. Rd2 b5 21. cxb5
axb5 22. Rfd1 Rfe8 23. Bf3 b4 24. Ng2 Nd4 25. Ne3 Rd7 26. Ng4 h5 27. Ne3 Qd8
28. Qxd8 Rexd8 29. Kg2 Kf8 30. Nc4 Ba6 31. e3 Nxf3 32. Kxf3 Ke7 33. Na5 Bb5 34.
e5 d5 35. a4 bxa3 36. Ra1 Ra8 37. Rxa3 Rda7 38. Rda2 Kd7 39. Nc4 Rxa3 40. Rxa3
dxc4 41. Rxa8 Bc6+ 42. Ke2 Bxa8 43. bxc4 Be4 44. h4 Kc6 45. Kd2 Kb6 46. Kc3 Ka5
47. Kb3 Bf3 0-1

[Event "Grand Pacific op"]
[Site "Victoria CAN"]
[Date "2016.03.28"]
[Round "6.18"]
[White "Chung, Alex"]
[Black "Brodie, Hugh"]
[Result "1-0"]
[WhiteElo "1788"]
[BlackElo "1847"]
[PlyCount "139"]
[EventDate "2016.03.25"]
[EventType "swiss"]
[EventRounds "6"]
[EventCountry "CAN"]

1. c4 f5 2. Nc3 e5 3. g3 Nc6 4. Bg2 Nf6 5. e3 d6 6. d4 Bd7 7. Nge2 g6 8. Rb1 a5
9. a3 Bg7 10. O-O O-O 11. b4 axb4 12. axb4 Qc8 13. Nd5 Nxd5 14. Bxd5+ Kh8 15.
b5 Ne7 16. Bg2 g5 17. f4 gxf4 18. exf4 Be6 19. Qc2 exd4 20. Bb2 c5 21. bxc6
Nxc6 22. Rfd1 Nb4 23. Qb3 Bxc4 24. Qxb4 Bxe2 25. Rxd4 Qc5 26. Qxc5 dxc5 27. Rd7
Bxb2 28. Rxb2 Ba6 29. Bxb7 Rab8 30. Rb6 Bxb7 31. Rh6 Rfc8 32. Rhxh7+ Kg8 33.
Rxb7 Rxb7 34. Rxb7 c4 35. Rb1 Kf7 36. Kf2 c3 37. Ke3 Rh8 38. Rh1 Rd8 39. Rc1
Rh8 40. Rc2 Kg6 41. Kd3 Kh5 42. Kxc3 Kg4 43. Kd4 Re8 44. Kd3 Kf3 45. Rc5 Rd8+
46. Kc4 Kg4 47. Rc7 Rd2 48. Rh7 Kf3 49. Rh5 Ke4 50. Rh8 Kf3 51. Kc3 Rd7 52. Rg8
Rh7 53. h4 Rd7 54. Rg5 Ke4 55. Rg6 Rd1 56. h5 Rh1 57. h6 Rh3 58. Kc4 Rh1 59.
Kc5 Ra1 60. Kb6 Rc1 61. h7 Rh1 62. Rg7 Kd5 63. Kc7 Ke6 64. Kd8 Kf6 65. Rd7 Kg6
66. Ke8 Re1+ 67. Kf8 Re3 68. g4 Rh3 69. g5 Re3 70. Rg7+ 1-0